Medical-surgical nursing : (Record no. 19848)

000 -LEADER
fixed length control field 00879pam a2200241 a 4500
001 - CONTROL NUMBER
control field 16166093
005 - DATE AND TIME OF LATEST TRANSACTION
control field 20170117155714.0
008 - FIXED-LENGTH DATA ELEMENTS--GENERAL INFORMATION
fixed length control field 100331s2007 moua b 001 0 eng
010 ## - LIBRARY OF CONGRESS CONTROL NUMBER
LC control number 2010287058
020 ## - INTERNATIONAL STANDARD BOOK NUMBER
International Standard Book Number 9780323036900
040 ## - CATALOGING SOURCE
Original cataloging agency DLC
Transcribing agency DLC
050 00 - LIBRARY OF CONGRESS CALL NUMBER
Classification number RT41
Item number .M43 2007
245 00 - TITLE STATEMENT
Title Medical-surgical nursing :
Remainder of title assessment and management of clinical problems /
Statement of responsibility, etc. [edited by] Sharon L. Lewis ... [et al.].
250 ## - EDITION STATEMENT
Edition statement 7th ed.
260 ## - PUBLICATION, DISTRIBUTION, ETC. (IMPRINT)
Place of publication, distribution, etc. St. Louis, Mo. :
Name of publisher, distributor, etc. McGraw-Hill,
Date of publication, distribution, etc. c2007.
300 ## - PHYSICAL DESCRIPTION
Extent 1 v. (various paging) :
Other physical details ill. (some col.) ;
Dimensions 29 cm.
Accompanying material 1 CD ROM (4 3/4 in.)
650 #0 - SUBJECT ADDED ENTRY--TOPICAL TERM
Topical term or geographic name as entry element Nursing.
650 #0 - SUBJECT ADDED ENTRY--TOPICAL TERM
Topical term or geographic name as entry element Surgical nursing.
700 1# - ADDED ENTRY--PERSONAL NAME
Personal name Lewis, Sharon Mantik.
942 ## - ADDED ENTRY ELEMENTS (KOHA)
Source of classification or shelving scheme
Koha item type Hard Covered Materials
Classification part RT41 .M43 2007
Holdings
Withdrawn status Lost status Source of classification or shelving scheme Damaged status Not for loan Home library Current library Shelving location Date acquired Source of acquisition Total Checkouts Full call number Barcode Date last seen Price effective from Koha item type
          MACHAKOS UNIVERSITY LIBRARY MACHAKOS UNIVERSITY LIBRARY Open shelf 17/01/2017 Donation(BFA)   RT41 .M43 2007 30412 17/01/2017 17/01/2017 Hard Covered Materials
© Machakos University Library, Along The Highway, Machakos Wote Rd, Machakos, Kenya P.O. Box 136 - 90100 Machakos - Kenya

Tel: ( +254 ) 723 805829 OR Fax : 044-20353 OR Email: library@mksu.ac.ke